Central Library OPAC University of Rajshahi

Invariant subspaces of matrices with applications / (Record no. 70130)

MARC details
000 -LEADER
fixed length control field 01125nam a2200313 a 4500
001 - CONTROL NUMBER
control field 70130
003 - CONTROL NUMBER IDENTIFIER
rucl marc code BD-RjUL
005 - DATE AND TIME OF LATEST TRANSACTION
control field 20211209081952.0
008 - FIXED-LENGTH DATA ELEMENTS--GENERAL INFORMATION
fixed length control field 170416s1986 nyua b 001 0 eng d
020 ## - INTERNATIONAL STANDARD BOOK NUMBER
International Standard Book Number 0471842605 :
Terms of availability 47.95 (est.)
035 ## - SYSTEM CONTROL NUMBER
System control number MITb10343641
System control number (BD-RjUL)70342
040 ## - CATALOGING SOURCE
Original cataloging agency DLC
Transcribing agency DLC
Modifying agency m/c
-- MYG
-- BD-RjUL
Language of cataloging eng
041 ## - LANGUAGE CODE
Language code of text/sound track or separate title eng
082 ## - DEWEY DECIMAL CLASSIFICATION NUMBER
Edition number 23
Classification number 515.73
Author mark and year GOI 1986
100 1# - MAIN ENTRY--PERSONAL NAME
Personal name Gohberg, I.
Fuller form of name (Israel),
Dates associated with a name 1928-2009.
9 (RLIN) 207692
245 10 - TITLE STATEMENT
Title Invariant subspaces of matrices with applications /
Statement of responsibility, etc. I. Gohberg, P. Lancaster and L. Rodman.
260 ## - PUBLICATION, DISTRIBUTION, ETC. (IMPRINT)
Place of publication, distribution, etc. New York :
Name of publisher, distributor, etc. Wiley,
Date of publication, distribution, etc. c1986.
300 ## - PHYSICAL DESCRIPTION
Pagination xv, 692 p. :
Illustrations ill. ;
Size 24 cm.
490 1# - SERIES STATEMENT
Series statement Canadian Mathematical Society series of monographs and advanced texts
500 ## - GENERAL NOTE
General note "A Wiley-Interscience publication."
504 ## - BIBLIOGRAPHY, ETC. NOTE
Bibliography, etc Includes bibliography (p. 683-686.) and indexes.
650 #0 - SUBJECT ADDED ENTRY--TOPICAL TERM
Topical term or geographic name as entry element Invariant subspaces.
9 (RLIN) 207693
Topical term or geographic name as entry element Matrices.
9 (RLIN) 207694
700 1# - ADDED ENTRY--PERSONAL NAME
Personal name Lancaster, Peter,
Dates associated with a name 1929-
Personal name Rodman, L.
830 #0 - SERIES ADDED ENTRY--UNIFORM TITLE
Uniform title Canadian Mathematical Society series of monographs and advanced texts.
942 ## - ADDED ENTRY ELEMENTS (KOHA)
Source of classification or shelving scheme Dewey Decimal Classification
Koha item type Books
Holdings
Lost status Source of classification or shelving scheme Damaged status Not for loan Collection code Permanent Location Current Location Shelving location Date acquired Total Checkouts Full call number Date last seen Copy number Koha item type
  Dewey Decimal Classification   Not For Loan Non-fiction Central Library, University of Rajshahi Central Library, University of Rajshahi Reading Room 16/05/1991   515.73 GOI 1986 16/04/2017 C-1 Books